000 00488 a2200157 4500
003 NUST
005 20230221164236.0
040 _cNust
082 _a297.2,KIL
100 _aKilani , Abdul Rahman
_9109389
245 _aEk Majlis ki Teen Talaq aur unKa Hal / ایک مجلس کی تین طلاقیں اور ان کا حل (Urdu) /
_cMaulana Abdul Rahman Kilani
260 _aLahore
_bDarusslam
_c2006
300 _a110:p.
650 _aIslam _ Talaq
_9109390
942 _2ddc
_cBK
_k297.2,KIL
999 _c187900
_d187900